00413nam a22001457a 4500003000400000008004100004082001800045100002000063245010500083260003200188300001000220502001500230650001300245650000900258OSt260512b |||||||| |||| 00| 0 eng d a633.171bP74E aPrasad, Bhushan aEffect of Different Levels of Nitrogen on Promising Varieties of Proso Millet (Panicum Miliaceum L.) aPusa, SamastipurbRAUc1991 a122P. bMsc.d1991 aAgronomy aMsc.